000 01580 a2200229 4500
001 49482
005 20260407155758.0
008 260407a1998 arg spa d
003 AR-UNSa-BCEJYS
040 _aAR-UNSa-BCEJYS
_bspa
_cAR-UNSa-BCEJYS
080 _a330.8
_xHistoria de las teorías, Doctrinas, Dogmas económicos (pensamiento económico)
245 1 0 _aHistoria del pensamiento económico
020 _a950-534-539-9
264 1 _aBuenos Aires :
_bA-Z Editora
_c1998
300 _a411 p.
_c23 cm.
505 _a1. Viajemos por la historia de una ciencia - 2. Primer rodeo a Jericó - 3. Doctrinas económicas de la antigüedad - 4. Babilonia y Judea - 5. Grecia - 6. Roma - 7. Edad Media - 8. Consideraciones generales sobre el mercantilismo - 9. Thomas Mun - 10. Philipp Wilhelm von Hörnigk - 11. William Petty - 12. Richard Cantillon - 13. David Hume - 14. François Quesnay - 15. Jacques Turgot - 16. consideraciones generales sobre la economía clásica - 17. Adam Smith - 18. Thomas Robert Malthus - 19. Henry Thornton - 20. David Ricardo - 21. Henri de Saint - Simon - 22. Karl Marx - 23. Consideraciones generales sobre la economía neoclásica - 24. Antoine Augustin Cournot - 25. Johann Heinrich von Thünen - 26. Jules Dupuit - 27. Hermann Heinrich Gossen - 28. William Stanley Jevons - 29. Carl Menger - 30. León Walras -
041 _aspa
942 _cBK
590 _aniveau_biblio:m niveau_hierar:0
100 1 _aFernández López, Manuel
856 4 1 _uhttps://www.biblioeco.unsa.edu.ar/pmb/images/libros/L128111.jpg
_yImagen de portada
_qimage/jpeg
999 _c4849
_d4849